Taskmaster episodes - Statistics

General Stats
  • This quiz has been taken 488 times
    91 since last reset
  • The average score is 65 of 194
Answer Stats
Hint Answer % Correct
6x05 H
86%
1x01 Melon buffet
79%
13x07 Heg
64%
11x06 Absolute casserole
57%
14x03 Dafty in the middle
57%
8x01 Hello
57%
13x04 Shoe Who
57%
3x02 The dong and the gong
57%
12x06 A chair in a sweet
50%
11x10 Activate Jamali
50%
16x04 Dynamite chicks
50%
7x02 My eyes are circles
50%
13x06 The 75th question
50%
2x05 There's strength in arches
50%
4x08 Tony three pies
50%
20x01 9x7
43%
8x02 A novel about Russian gulags
43%
2x03 A pistachio eclair
43%
15x09 A show about pedantry
43%
5x05 A wind dried puffin
43%
6x04 BMXing
43%
20x02 Cows are made of milk
43%
14x10 Did I meet these potatoes before?
43%
5x01 Dignity intact
43%
20x07 Drier than you think, chalk
43%
2x01 Fear of failure
43%
4x04 Friendship is truth
43%
4x03 Hollowing out a baguette
43%
7x10 I can hear it gooping
43%
7x05 Lotta soup
43%
4x05 Meat
43%
7x08 Mother honks her horn
43%
7x04 OLLIE
43%
8x06 Rock 'n' roll umlaut
43%
8x03 Stuck in a mammal groove
43%
3x05 The F.I.P.
43%
13x10 The house queens
43%
1x06 The last supper
43%
5x02 The leprechaun or the lesbian
43%
7x01 The mean bean
43%
7x07 The perfect stuff
43%
20x03 Thompson
43%
7x03 Twelve blush majesty two
43%
20x09 A 1970s camping kettle
36%
7x06 A coquettish fascinator
36%
12x08 A couple of Ethels
36%
12x01 An imbalance in the poppability
36%
11x08 An orderly species
36%
8x08 Aquatic sewing machine
36%
15x10 A yardstick for failure
36%
20x05 Bats, bats, hang up
36%
18x07 Captain Jackie and the hotdog
36%
12x10 Caring Uncle Minpict
36%
14x05 Chip Biffington
36%
8x10 Clumpy swayey clumsy man
36%
14x04 Crumbs in my bralette
36%
1x04 Down an octave
36%
14x02 Enormous hugeness
36%
6x10 He was a different man
36%
20x04 Hey mate
36%
10x06 Hippopotamus
36%
20x06 Is that number got curves?
36%
11x01 It's not your fault
36%
Champion of Champions Part 2 I've sinned again
36%
9x01 Join our cult
36%
3x03 Little polythene grief cave
36%
4x02 Look at me
36%
19x05 Maybe we're the monsters
36%
19x04 Midnight Picnic
36%
11x09 Mr Octopus and Pottyhands
36%
19x03 My presumably scrotum
36%
4x07 No stars for naughty boys
36%
15x05 Old Honkfoot
36%
3x01 Pea in a haystack
36%
2x02 Pork is a sausage
36%
5x04 Residue around the hoof
36%
11x03 Run up a tree to the moon
36%
19x08 Science all your life
36%
4x06 Spatchcock it
36%
Champion of Champions III Spider in my pocket
36%
20x10 Supping from the fountain
36%
6x02 Tarpeters
36%
12x04 The customised inhaler
36%
5x08 Their water's so delicious
36%
16x01 The natural friends
36%
13x01 The noise that blue makes
36%
6x01 The old soft curved padlock
36%
1x02 The pie whisperer
36%
1x03 The poet and the egg
36%
10x04 Toshwash
36%
6x06 We met at mealtimes
36%
Champion of Champions Part 1 Wiley giraffe blower
36%
13x08 You tuper super
36%
11x07 You've got no chutzpah
36%
15x08 100% Bosco
29%
9x07 A cuddle
29%
10x02 A documentary about a despot
29%
10x09 Air Horn Andy
29%
16x10 Always forks and marbles
29%
17x10 Ambience and information
29%
20x08 Am I an idiom?
29%
14x09 A new business end
29%
19x02 An invisible jump rope
29%
9x05 Another spoon
29%
17x04 Apropos of Apoppo
29%
17x09 Assistantbury
29%
17x06 A three ring man
29%
3x04 A very nuanced character
29%
13x02 Birdy hand finger
29%
5x07 Boing boing
29%
9x06 Bready bready bready
29%
16x06 Brother Alex
29%
9x02 Butter in the microwave
29%
12x05 Croissants is croissants
29%
10x10 Dog meat trifle
29%
9x09 Don't like them go bang
29%
17x07 Dream date territory
29%
16x09 Fagin at the disco
29%
9x03 Five miles per day
29%
19x09 Getaway sticks
29%
10x01 God's haemorrhoid
29%
17x01 Grappling with my life
29%
13x05 Having a little chuckle
29%
16x02 Hell is here
29%
15x04 How heavy is the water?
29%
10x05 I hate your trainers
29%
15x03 I love to squander promise
29%
16x07 I'm off to find a robin
29%
13x03 I think I've got this
29%
13x09 It might be wind
29%
15x06 It's my milk now
29%
8x09 I've been a bit ill
29%
17x02 Jumungo
29%
16x03 Languidly
29%
10x07 Legit glass
29%
1x05 Little denim shorts
29%
14x06 Long-legged lobster
29%
10x08 Moments of silence
29%
16x08 Never packed a boot
29%
12x09 Nothing matters
29%
12x02 Oatmeal and death
29%
6x03 One warm prawn
29%
5x03 Phoenix
29%
10x03 Point of swivel
29%
11x04 Premature conker
29%
Champion of Champions IV Put that on my gravestone
29%
9x04 Quisps
29%
6x07 Roadkill doused in syrup
29%
15x07 Schrodinger's egg
29%
9x08 Shaqinahat
29%
16x05 Skateboard division
29%
11x05 Slap and tong
29%
17x05 Snooker cue umbrella chin
29%
17x03 Some impropriety?
29%
19x01 Sometimes spit
29%
5x06 Spoony Neeson
29%
8x05 Stay humble
29%
Champion of Champions II The Alpine Darling
29%
8x04 The barrel dad
29%
6x09 The bubble brothers
29%
14x01 The chassis, the wings
29%
19x10 The clever side?
29%
15x01 The curse of politeness
29%
12x03 The end of the franchise
29%
12x07 The integrity of the product
29%
11x02 The lure of the treacle puppies
29%
14x08 The one that bats do
29%
7x09 The pendulum draws the eye
29%
14x07 The system of endless plates
29%
17x08 The umbrella wink
29%
9x10 Think about the spirit
29%
8x07 This is Trevor
29%
15x02 Trapped in a loveless marriage
29%
2x04 Welcome to Rico Face
29%
6x08 What kind of pictures
29%
18x06 A dance as old as time itself
21%
18x02 ...and then a detective comes in
21%
New Year Treat II Basic Recipe 28
21%
19x07 Glass half most
21%
18x04 I'm a girl who likes a clean line
21%
19x06 It's got to be obsolete
21%
18x10 Le Goose
21%
New Year Treat III That's a swizz
21%
18x09 The cockle children
21%
18x01 The faceless facilitators
21%
18x03 The gangsters of the sea
21%
18x08 The nexus of truth
21%
New Year Treat V 412 Steps
14%
4x01 A fat white bald man
14%
18x05 Big stupid things
14%
New Year Treat IV Huh?
14%
New Year Treat The fastest duck
14%
New Year Treat 6x02 The opposite of ducking?
7%
New Year Treat 6x01 Welcome to my pumpathon
7%
No matching quizzes found
Score Distribution
Percent of People with Each Score
Percentile by Number Answered
Your Score History
You have not taken this quiz since the last reset